|
|
|
|
| LEADER |
00000nab a2200000 a 4500 |
| 001 |
vtls008414330 |
| 003 |
SK-MaSNL |
| 005 |
20260304142141.0 |
| 008 |
250505c2005 xo 0 slo |
| 015 |
|
|
|a SNBCL2005/5
|
| 035 |
|
|
|a SLK034893
|
| 035 |
|
|
|a urn:nbn:sk:snk-abvve
|
| 035 |
|
|
|a (urnnbn)urn:nbn:sk:snk:ar-a05qr7
|
| 035 |
|
|
|a (uuid)67282342-d876-41d6-9df0-7d752a28c961
|
| 040 |
|
|
|a SNKBUCL
|b slo
|c SNKBUCL
|e AACR2
|
| 041 |
0 |
|
|a slo
|b eng
|b slo
|
| 044 |
|
|
|a xo
|c SK
|
| 080 |
|
|
|a 616.89-008.441:615.2
|2 1981
|
| 100 |
1 |
|
|a Dragašek, Jozef
|u Psychiatrická klinika JLF UK a MFN, Martin
|4 aut
|9 161512
|
| 245 |
1 |
0 |
|a Problematika vybraných psychických porúch pri epilepsii
|c Jozef Dragašek, Milena Drímalová
|
| 246 |
1 |
0 |
|a Problems of selected mental disorders due to epilepsy
|
| 246 |
1 |
1 |
|a Problems of selected mental disorders due to epilepsy
|
| 504 |
|
|
|a Res. angl., slov.
|
| 504 |
|
|
|a Bibliogr. odkazy
|
| 650 |
0 |
7 |
|a duševné poruchy AA
|2 MESH
|9 15378
|
| 650 |
0 |
7 |
|a epilepsia
|x diagnostika
|2 MESH
|9 1082926
|
| 650 |
0 |
7 |
|a poruchy osobnosti
|x diagnostika
|2 MESH
|9 1074620
|
| 650 |
0 |
7 |
|a amnézia anterográdna
|x diagnostika
|2 MESH
|9 1461323
|
| 650 |
0 |
7 |
|a afekt
|2 MESH
|9 16682
|
| 650 |
0 |
7 |
|a kvalita života
|2 MESH
|9 1705
|
| 700 |
1 |
|
|a Drímalová, Milena
|4 aut
|9 21292
|
| 773 |
0 |
|
|t Psychiatria pre prax
|g Roč. 6, č. 4 (2005), s. 188-190
|x 1335-9584
|
| 850 |
|
|
|a Slovenská národná knižnica
|
| 852 |
|
|
|a Slovenská národná knižnica
|
| 954 |
|
|
|a odborná, vedecká literatúra pôvodná (slovenská)
|2 lita
|
| 958 |
|
|
|a article27
|
| 958 |
|
|
|a OND
|
| 958 |
|
|
|a EUIPO
|
| 999 |
|
|
|c 2920522
|d 2922452
|